Flor nueva de romances viejos
Đã lưu trong:
| Tác giả chính: | |
|---|---|
| Định dạng: | Sách |
| Ngôn ngữ: | Undetermined |
| Được phát hành: |
Buenos Aires, Argentina
Espasa-Calpe
1950
|
| Phiên bản: | 8 |
| Những chủ đề: | |
| Các nhãn: |
Thêm thẻ
Không có thẻ, Là người đầu tiên thẻ bản ghi này!
|
MARC
| LEADER | 00000nam a2200000Ia 4500 | ||
|---|---|---|---|
| 008 | 170316s9999 xx 000 0 und d | ||
| 090 | |a 862 M-36f | ||
| 100 | |a Menéndez Pidal, Ramón | ||
| 245 | |a Flor nueva de romances viejos | ||
| 250 | |a 8 | ||
| 260 | |a Buenos Aires, Argentina | ||
| 260 | |b Espasa-Calpe | ||
| 260 | |c 1950 | ||
| 300 | |a 250 páginas | ||
| 650 | |a LITERATURA ESPAÑOLA | ||
| 650 | |a ROMANCERO | ||
| 999 | |c 25539 |d 25539 | ||
| 040 | |a cru BVZT | ||
| 942 | |c 15 D |h 862 M-36f |2 z | ||
